Online
Catalog

Il primo libro de madrigali / (Record no. 42810)

MARC details
000 -CABECERA
campo de control de longitud fija 00750nam a2200181 a 4500
001 - NÚMERO DE CONTROL
campo de control 000043321
005 - FECHA Y HORA DE LA ÚLTIMA TRANSACCIÓN
campo de control 20201002040818.0
008 - DATOS DE LONGITUD FIJA--INFORMACIÓN GENERAL
campo de control de longitud fija 140307s1988 sp 000 0 spa d
040 ## - FUENTE DE LA CATALOGACIÓN
Centro catalogador/agencia de origen DO-SdBNP
Lengua de catalogación spa
Centro/agencia transcriptor BNPHU
100 1# - ENTRADA PRINCIPAL--NOMBRE DE PERSONA
Nombre de persona Flecha, Mateo,
Fechas asociadas al nombre 1530-1604
9 (RLIN) 70959
245 10 - MENCIÓN DE TÍTULO
Título Il primo libro de madrigali /
Mención de responsabilidad, etc. Mateo Flecha, el joven ; introducción, estudio y transcripción, Mariano Lambea Castro.
260 ## - PUBLICACIÓN, DISTRIBUCIÓN, ETC.
Lugar de publicación, distribución, etc. Barcelona :
Nombre del editor, distribuidor, etc. Consejo Superior de Investigaciones Científicas,
Fecha de publicación, distribución, etc. 1988.
300 ## - DESCRIPCIÓN FÍSICA
Extensión 188 p. :
Otras características físicas il., lám. ;
Dimensiones 32 cm.
490 1# - MENCIÓN DE SERIE
Mención de serie Monumentos de la música española
Designación de volumen o secuencia 46
700 1# - PUNTO DE ACCESO ADICIONAL--NOMBRE DE PERSONA
Nombre de persona Lambea Castro, Mariano.
9 (RLIN) 70960
710 2# - PUNTO DE ACCESO ADICIONAL--NOMBRE DE ENTIDAD CORPORATIVA
Nombre de entidad corporativa o nombre de jurisdicción como elemento de entrada Consejo Superior de Investigaciones Científicas,
9 (RLIN) 4786
830 #0 - PUNTO DE ACCESO ADICIONAL DE SERIE-TÍTULO UNIFORME
Título uniforme Monumentos de la música española
Designación de volumen o secuencia 46
9 (RLIN) 65588
Holdings
Estado de retiro Estado de pérdida Restricciones de uso No para préstamo Código de colección Localización permanente Ubicación/localización actual Ubicación en estantería Fecha de adquisición Número de inventario Total de préstamos Signatura topográfica completa Código de barras Fecha visto por última vez Precio válido a partir de Tipo de ítem Koha
      Excluido de préstamo Monografías: Libros y Folletos Patrimonio Dominicano Patrimonio Dominicano En catalogación 07.03.2014 LF1   43321-10 25.06.2020 25.06.2020 No se presta

Powered by Koha